Personnages de séries - O - Statistiques

Statistiques générales
  • Ce quiz a été pris 140 fois
  • Le résultat moyen est 5 sur 16
Statistiques - réponses
Par images Réponse % Correct
Onze
69%
Oslo
67%
Otis Milburn
63%
Omar Shana
53%
Owen Hunt
53%
Octavia Blake
43%
Orson Hodge
37%
Oscar Diaz
35%
Olivia Moore
33%
Oliver Hampton
27%
Oberyn Martell
19%
Ola Nyman
18%
Olenna Tyrell
18%
Otto Hightower
12%
Omie Sparkman
2%
Oleg Burov
1%
Aucun quiz correspondant
Distribution des résultats
% des personnes avec chaque résultat
Percentile par nombre de réponses
Votre historique - résultats
Vous n’avez pas pris ce quiz